000 00601nam a2200193 a 4500
005 20230518063731.0
008 991125s1982 mx 000 0 spa u
020 _a9685973520
035 _aUPN01000024088
049 _aCG
050 4 _aLA427.7
_bO8.4
100 1 _aOsorio Jiménez, Javier
245 1 0 _aFactores que inciden en la deserción escolar a nivel superior /
_cJavier Osorio Jiménez.
260 _aMéxico :
_bUAM-Azcapotzalco,
_c1982.
300 _a53 p.
440 0 _aReporte de investigación ;
_v68
650 4 _aEducación superior
_zMéxico
_xInvestigación
_95106
905 _aLibro
999 _c24088
_d24088